| 000 | 00538nam a22001457a 4500 | ||
|---|---|---|---|
| 003 | OSt | ||
| 008 | 260629b |||||||| |||| 00| 0 eng d | ||
| 020 | _a9789353877248 | ||
| 245 | _aModern Farming: the Path to Sustainable Agriculture/ by Suraj Kumar...[et al.] | ||
| 260 |
_aDelhi: _bSatish Serial Publishing House, _c2025 |
||
| 300 | _axii, 208 p. ; ref | ||
| 650 | _aAgriculture and related technologies | Specific techniques; apparatus, equipment, materials | Cultivation and harvesting | ||
| 700 | _a Kumar, Suraj | ||
| 942 |
_2ddc _cBK |
||
| 999 |
_c52434 _d52434 |
||